| 000 | 00666cam a22002531 4500 | ||
|---|---|---|---|
| 999 |
_c8930 _d8930 |
||
| 001 | 8930 | ||
| 003 | BD-JhCC | ||
| 005 | 20180711095914.0 | ||
| 008 | 720710s1965 mau 000 0 eng | ||
| 035 | _a(BD-JhCC)8930 | ||
| 040 |
_aDLC _cODaWU _dOCoLC _dDLC _dBD-JhCC |
||
| 041 | _aeng | ||
| 050 | 0 | 0 |
_aPR1363 _b.M53 1965 |
| 082 |
_a824.082 _bMIL 1965 |
||
| 100 | 1 |
_aMiles, Josephine, _d1911-1985, |
|
| 245 | 1 | 0 |
_aClassic essays in English / _cJosephine Miles, |
| 250 | _a2nd ed. | ||
| 260 |
_aBoston, _bLittle, Brown _c[1965] |
||
| 300 |
_axxix, 434 p. _c21 cm. |
||
| 650 | 0 | _aEnglish essays. | |
| 650 | 0 | _aAmerican essays. | |
| 942 |
_2ddc _cBK |
||